| 000 | 00609nam a22002057a 4500 | ||
|---|---|---|---|
| 008 | 151002b xxu||||| |||| 00| 0 eng d | ||
| 020 | _a9780324655544 | ||
| 020 | _a0324655541 | ||
| 041 | 0 | _aeng | |
| 080 | _a658:174.4 | ||
| 100 | _aJennings, Marianne. | ||
| 245 | 1 | 0 |
_aBusiness : _cMarianne Moody Jennings. |
| 250 | _a8th ed. | ||
| 260 |
_aMason, OH : _bSouth-Western Cengage Learning, _c2009. |
||
| 300 |
_a1 v. (various pagings) : _bme il.; _c27 cm. |
||
| 650 | 0 | _aEtika në biznes | |
| 650 | 0 | _aE drejta biznesore | |
| 650 | 0 | _aLigjet | |
| 942 |
_2udc _cBK |
||
| 999 |
_c1215 _d1215 |
||